The Legend of Zelda games - Sudden Death - Statistics

General Stats
  • This quiz has been taken 312 times
  • The average score is 9 of 15
Answers on the Grid
Answers color-coded by a green-red scale on the quiz's grid according to % correct below.
The Wind Waker
Ocarina of Time
Majora's Mask
Tears of the Kingdom
A Link to the Past
Link's Awakening
Echoes of Wisdom
A Link Between Worlds
Skyward Sword
Twilight Princess
Spirit Tracks
Phantom Hourglass
Oracle of Seasons
Oracle of Ages
The Minish Cap
Ocarina of Wind
Skyward Shield
Dawn Princess
A Zelda to the Past
A Link Burger Worlds
Spirit Trucks
Spirit Hourglass
Oracle of Time
Bath of the Wild
Thor of the Lokingdom
The Minish Hat
The Maxish Cap
Squalala of Evil
Echoes of Ganon
Minora's Mask
 
Answer Stats
Answer % Correct
Ocarina of Time
68%
Majora's Mask
66%
Twilight Princess
66%
A Link Between Worlds
65%
A Link to the Past
65%
Link's Awakening
64%
The Wind Waker
64%
Tears of the Kingdom
62%
Skyward Sword
59%
Echoes of Wisdom
58%
Oracle of Seasons
58%
Phantom Hourglass
56%
The Minish Cap
56%
Spirit Tracks
55%
Oracle of Ages
51%
No matching quizzes found
Score Distribution
Percent of People with Each Score
Percentile by Number Answered
Your Score History
You have not taken this quiz